| 000 | 00655nam a22001937a 4500 | ||
|---|---|---|---|
| 003 | OSt | ||
| 005 | 20140310181734.0 | ||
| 008 | 130319t xxu||||| |||| 00| 0 eng d | ||
| 050 |
_aLB 1617 _b.D298 1991 |
||
| 082 |
_aTRC 375.07 _bDE46 1991 |
||
| 100 |
_aDECS _92098 |
||
| 245 |
_aDesired learning competencies : _b1989 new secondary educational curriculum secondary education development program _cDepartment of educational, culture and sports |
||
| 260 |
_aManila : _bDepartment of Education, culture and sports, _cc1991. |
||
| 300 |
_a354p. : _bill. ; _c21 cm. |
||
| 521 | _aFaculty | ||
| 541 | _j1 | ||
| 562 | _e1 | ||
| 942 |
_2lcc _cBK-TR _kTR |
||
| 999 |
_c2496 _d2496 |
||